| 000 | 00000nam##2200000za#4500 |
| 001 | 9.644386 |
| 003 | CaOODSP |
| 005 | 20250319165110 |
| 007 | cr ||||||||||| |
| 008 | 150407|2001||||xxc|||||o f|0| 0 fre|d |
| 040 | |aCaOODSP|bfre |
| 043 | |an-cn--- |
| 086 | 1 |aH39-594/2001F-PDF |
| 110 | 1 |aCanada.|bSanté Canada. |bDirection générale de la santé de la population et de la santé publique. |
| 245 | 10|aRépertoire des programmes canadiens de prévention des chutes et des blessures causées par les chutes chez les aînés vivant dans la communauté / |h[ressource électronique]|cpréparé par Victoria Scott et al. |
| 260 | |aOttawa - Ontario : |bSanté Canada. |c2001. |
| 300 | |a70p.|bréférences, tableaux |
| 590 | |a15-05-Supp|b2015-03-31 |
| 691 | 07|aRépertoire|2gcpds |
| 691 | 07|aAîné|2gcpds |
| 691 | 07|aPrévention|2gcpds |
| 691 | 07|aBlessure|2gcpds |
| 775 | 08|tAn inventory of Canadian programs for the prevention of falls among seniors living in the community / |w(CaOODSP)9.700502 |
| 776 | 0#|tRépertoire des programmes canadiens de prévention des chutes et des blessures causées par les chutes chez les aînés vivant dans la communauté / |w(CaOODSP)9.681602 |
| 856 | 40|ahttp://publications.gc.ca|qPDF|s303 Ko|uhttps://publications.gc.ca/collections/collection_2015/sc-hc/H39-594-2001-fra.pdf |